1001 1182 1630 1088 1188 1835 1317 1499 1901 1457 1889 1604 1509 1937 1585 1936 1482 1597 1799 1375 1109 1853 1937 1929 1508 1197 1962 1323 1666 1913 1099 1839 1968 1693 1121 1754 1278 1658 1959 1052 1972 1863 1049 1404 1446 1968 1165 1127 1241 1900 1889 1594 1260 1381 1839 1686 1682 1744 1735 1448 1465 1726 1221 1763 1673 1826 1316 1728 1672 1795 1541 1320 1028 1955 1212 1944 1818 1307 1522 1501 1733 1757 1746 1625 1593 1928 1900 1357 1312 1691 1714 1201 1303 1570 1579 1019 1397 1361 1260 BCNSPRNW ULIB Ver.6.0+V

เปลี่ยนเป็นภาษาไทย

Change to English
 แสดงรายละเอียดบรรณานุกรม
  กลับหน้าหลัก

Brief Record : Get Marc (ISO 2709) : E-mail record : QR code < ปิดหน้าต่าง
LEADER : 00000nam 2200000uu 4500
001    13399121474
003     ULIB
008    121121s2552||||th 000 0 tha d
020    ^a9786115120529
050 04 ^aTT890^bศ855ก
100 0  ^aเศรษฐพงศ์ อัปมะเย
245 10 ^aการห่อขนมและอาหารด้วยใบตอง /^cเศรษฐพงศ์ อัปมะเย
250    ^aพิมพ์ครั้งที่ 1
260    ^aกรุงเทพฯ :^bวาดศิลป์,^c2552
300    ^a64 หน้า :^bภาพประกอบ ;^c26 ซม
440  0 ^aโครงการหนังสืออนุรักษ์และส่งเสริมศิลปวัฒนธรรมไทย
650  7 ^aการประดิษฐ์ด้วยใบตอง
710 1  ^aวาดศิลป์
945    ^p160^l0^i16864
995    ^aวิภา
999 ^a ทศพร
รายการนี้ยังไม่มีแท็ก
คุณยังไม่ได้ล็อกอิน คุณสามารถมีกิจกรรมร่วมกับเว็บไซต์ได้ แต่ต้องล็อกอินก่อน ::
  ล็อกอิน

รายการสื่อสารสนเทศ

ลำดับที่ ประเภท เลขเรียก/บาร์โค้ด สถานที่ สถานะ
1. วิทยาศาสตร์การแพทย์ และสุขภาพ
วิทยาศาสตร์การแพทย์ และสุขภาพ
TT890 ศ855ก  
  Barcode: 16864
ห้องสมุดวิทยาเขตสวรรค์ประชารักษ์
►หนังสือทั่วไป
บนชั้น

รายการใกล้เคียง
    ผู้แต่ง [เศรษฐพงศ์ อัปมะเย]

    หัวเรื่อง [การประดิษฐ์ด้วยใบตอง]

BibComment


ยังไม่เคยถูกคอมเมนท์

คอมเมนท์ทรัพยากรรายการนี้
  คอมเมนท์: การห่อขนมและอาหา..


 Copyright 2026. Bcnsprnw @Library